1344 1219 1571 1597 1616 1103 1500 1167 1101 1728 1778 1142 1798 1516 1254 1600 1359 1704 1643 1449 1588 1750 1821 1819 1700 1128 1105 1911 1721 1535 1935 1573 1953 1223 1577 1855 1226 1253 1522 1969 1617 1699 1366 1626 1035 1062 1294 1264 1912 1844 1161 1654 1303 1434 1979 1046 1498 1318 1354 1953 1104 1360 1649 1646 1113 1049 1188 1662 1610 1315 1497 1183 1106 1861 1445 1851 1828 1949 1836 1037 1084 1224 1791 1763 1981 1990 1440 1474 1675 1006 1147 1670 1067 1452 1213 1853 1577 1570 1963 BCNSPRNW ULIB Ver.6.0+V

เปลี่ยนเป็นภาษาไทย

Change to English
 แสดงรายละเอียดบรรณานุกรม
  กลับหน้าหลัก

Brief Record : Get Marc (ISO 2709) : E-mail record : QR code < ปิดหน้าต่าง
LEADER : 00000nam 2200000uu 4500
001    13399114971
003     ULIB
008    120626s2553||||th 000 0 tha d
020    ^a9786167036120
050  4 ^aBF481^bด123ห
100 0  ^aดนัย จันทร์เจ้าฉาย
245 10 ^aหัวใจสีขาว ^bWhite heart /^cดนัย จันทร์เจ้าฉาย
246 31 ^aWhite heart
250    ^aพิมพ์ครั้งที่ 1
260    ^aกรุงเทพฯ :^bดีเอ็มจี,^c2553
300    ^a169, (4) หน้า ;^c19 ซม.
650  7 ^aกำลังใจ
650  7 ^aการดำเนินชีวิต
650  7 ^aจิตวิทยาประยุกต์
945    ^p99^l0^i19132
995    ^a เกษร
999    ^aใช้งานได้ทุกระบบ
รายการนี้ยังไม่มีแท็ก
คุณยังไม่ได้ล็อกอิน คุณสามารถมีกิจกรรมร่วมกับเว็บไซต์ได้ แต่ต้องล็อกอินก่อน ::
  ล็อกอิน

รายการสื่อสารสนเทศ

ลำดับที่ ประเภท เลขเรียก/บาร์โค้ด สถานที่ สถานะ
- ไม่พบข้อมูล -

รายการใกล้เคียง
    ผู้แต่ง [ดนัย จันทร์เจ้าฉาย]

    หัวเรื่อง [กำลังใจ]
    หัวเรื่อง [การดำเนินชีวิต]
    หัวเรื่อง [จิตวิทยาประยุกต์]

BibComment


ยังไม่เคยถูกคอมเมนท์

คอมเมนท์ทรัพยากรรายการนี้
  คอมเมนท์: หัวใจสีขาว Whit..


 Copyright 2026. Bcnsprnw @Library